000 01335cab a22002175a 4500
001 L143407
008 080506e20080502xxkd f 000 0 eng d
035 _a(Sirsi) u143407
041 0 _aeng
100 1 _aLane, Thomas
245 0 0 _aDon't kid yourself
260 _c2008
490 0 _aBuilding
_v273(8527) 2 May 2008, 59-60(2)
520 _aExamines how building owners and occupiers feel about Energy Performance Certificates (EPC) and the energy performance of their stock. A "Building" survey aimed to discover if British Council for Offices (BCO) members planned to get their buildings certificated, how their buildings would perform, whether members thought there would be enough assessors, and the effect of energy certification on property values. Generally it appears that EPCs are working, with BCO members seeing certification as a key issue. However, the survey also showed that respondents were overly confident about the energy performance of their buildings, with 67% expecting to get a C or D rating, and only 27% expecting an E, F or G.
590 _aKA
650 2 4 _aRESIDENTIAL ENERGY PERFORMANCE CERTIFICATES
651 4 _aEngland and Wales
_y1543-
690 _aBUILT ENVIRONMENT-SUSTAINABLE CONSTRUCTION
690 _aENVIRONMENTAL AND LAND CONSULTANCY-ENERGY-ENERGY USE-ENERGY EFFICIENCY
942 _n0
999 _c80163
_d80163